Kylie Minogue Most Streamed - Statistics

General Stats
  • This quiz has been taken 27 times
  • The average score is 21 of 40
Answer Stats
Answer Featuring Streams % Correct
Can't Get You Out of My Head 581 million
96%
Padam Padam 164 million
84%
All The Lovers 48 million
80%
Kids Robbie Williams 19 million
76%
Spinning Around 62 million
76%
Higher Taio Cruz 93 million
72%
Locomotion 60 million
72%
Better The Devil You Know 19 million
68%
In Your Eyes 90 million
68%
I Should Be So Lucky 28 million
68%
Love At First Sight 71 million
68%
Magic 39 million
64%
On A Night Like This 28 million
64%
Say Something 37 million
64%
Slow 19 million
64%
Dance Alone Sia 30 million
60%
Get Outta My Way 53 million
60%
In My Arms 27 million
60%
Come Into My World 21 million
56%
Dancing 38 million
56%
Especially For You Jason Donovan 23 million
56%
Into The Blue 17 million
56%
Real Groove 22 million
56%
Tension 25 million
56%
Wow 19 million
56%
Red Blooded Woman 12 million
52%
Where The Wild Roses Grow Nick Cave 62 million
52%
A Second to Midnight Years and Years 36 million
48%
Chocolate 15 million
48%
I Believe in You 17 million
48%
Beautiful Enrique Iglesias 15 million
40%
Midnight Ride Orville Peck 12 million
40%
10 out of 10 Oliver Heldens 13 million
32%
Timebomb 20 million
32%
Really Don't Like U Tove Lo 19 million
24%
The Other Boys Nervo 14 million
20%
I Love It 11 million
16%
Real Groove Studio 54 Dua Lipa 26 million
16%
Miss A Thing 14 million
12%
Supernova 17 million
8%
No matching quizzes found
Score Distribution
Percent of People with Each Score
Percentile by Number Answered
Your Score History
You have not taken this quiz